Luật môi trường : Tài liệu hướng dẫn học tập

Trình bày lược sử phát triển và nguồn của luật môi trường, quản lý môi trường, pháp luật về tài nguyên đất và nước,..

Bewaard in:
Bibliografische gegevens
Hoofdauteur: Kim, Oanh Na
Formaat: Boek
Taal:Undetermined
Gepubliceerd in: Cần Thơ Nxb. Đại học Cần Thơ 2012
Onderwerpen:
Tags: Voeg label toe
Geen labels, Wees de eerste die dit record labelt!
Thư viện lưu trữ: Trung tâm Học liệu Trường Đại học Cần Thơ
LEADER 00850nam a2200217Ia 4500
001 CTU_229875
008 210402s9999 xx 000 0 und d
082 |a 344.597046 
082 |b N100 
100 |a Kim, Oanh Na 
245 0 |a Luật môi trường : 
245 0 |b Tài liệu hướng dẫn học tập 
245 0 |c Kim Oanh Na (Biên soạn) 
260 |a Cần Thơ 
260 |b Nxb. Đại học Cần Thơ 
260 |c 2012 
520 |a Trình bày lược sử phát triển và nguồn của luật môi trường, quản lý môi trường, pháp luật về tài nguyên đất và nước,.. 
650 |a Luật môi trường,Environmental law 
650 |z Việt Nam,Vietnam 
910 |b nthai 
980 |a Trung tâm Học liệu Trường Đại học Cần Thơ